000 00455cam a22002051 4500
001 sa 67006295
003 DLC
005 20260227112405.0
008 881102s1964 xx 000 0 hino
010 _asa 67006295
035 _a(OCoLC)23558561
040 _aDLC
_cMiU
_dDLC
042 _apremarc
050 0 0 _aPK2098.O45
_bM8
110 2 _aOmilal.
245 1 0 _aMukhiyā.
260 _c[1964]
300 _a214 p.
_c20 cm.
500 _aRomanized.
999 _c75837
_d75837